00464nam a2200193Ia 4500008004100000020001800041050001400059100002000073245002800093245002400121260001500145260002200160260000900182300001500191300002700206300001000233440001900243500000800262170918s9999 xx 000 0 und d a9780516253152 bS477 2005 aSenior, Kathryn aLife in a rain forest / cby Katheryn Senior. aNew York : bChildren's Press, c2005 a32 pages : bcolored illustration ; c25cm. aWhat on earth? a890